Censura en el mundo antiguo

Shranjeno v:
Bibliografske podrobnosti
Glavni avtor: Gil Fernández, Luis (Author)
Format: Knjiga
Jezik:španščina
Izdano: Madrid Revista de Occidente 1961
Izdaja:1a. ed
Teme:
Oznake: Označite
Brez oznak, prvi označite!

MARC

LEADER 00000nam a2200000 a 4500
001 UCJ3894
003 CL-VaPUC
008 070124e19610000SP |||||||||||||||||spa|d
082 0 4 |a 303.3  |b GIL  |2 21 
100 |a Gil Fernández, Luis  |e author  |9 554627 
245 1 0 |a Censura en el mundo antiguo 
250 |a 1a. ed 
300 |a 362 p 
942 |c BK 
945 |d 20070124 00:00:00  |a rinostro 
260 |a Madrid  |b Revista de Occidente  |c 1961 
650 0 |a Censura  |9 349860 
650 7 |a LIBROS PROHIBIDOS  |2 CL-VaPUC  |9 506435 
650 0 |a Mundo clásico  |9 506436 
650 0 |a Antigüedad clásica   |9 467139 
650 0 |a Crítica literaria   |9 269189 
650 7 |a FUENTES  |2 CL-VaPUC  |9 255666 
650 7 |a BIBLIOGRAFIA  |2 CL-VaPUC  |9 256175 
650 0 |a Literatura clásica   |9 375458 
651 0 |a Grecia  |9 265314 
651 0 |a Roma   |9 255106 
583 |a last modification  |c 20070124 00:00:00  |k Rodrigo Vera 
999 |c 320013  |d 320011 
952 |0 0  |1 0  |4 0  |6 303_300000000000000_GIL_1961  |7 0  |8 X  |9 398447  |a FDOBUD  |b FDOBUD  |d 2019-11-22  |i 1010549  |o 303.3 GIL 1961  |p 1010549  |r 2019-11-22  |w 2019-11-22  |y BK_X  |k BUD